Acta de la sesión celebrada para la constitución del Ateneo Catalán. (Record no. 105115)

MARC details
000 -LEADER
campo de control de longitud fija 00996nam a2200253 i 4500
001 - NÚMERO DE CONTROL
campo de control 105115
003 - IDENTIFICADOR DE NÚMERO DE CONTROL
campo de control ES-MaACL
005 - FECHA Y HORA DE LA ÚLTIMA TRANSACCIÓN
campo de control 20230906183804.0
007 - CAMPO FIJO DE DESCRIPCIÓN FÍSICA--INFORMACIÓN GENERAL
campo de control de longitud fija t|
008 - DATOS DE LONGITUD FIJA--INFORMACIÓN GENERAL
campo de control de longitud fija 021118s1860 sp ||||1| spa d
080 ## - NÚMERO DE LA CLASIFICACIÓN DECIMAL UNIVERSAL
Número de la Clasificación Decimal Universal 061.22(460.235 B.)
110 2# - ENTRADA PRINCIPAL--NOMBRE DE ENTIDAD CORPORATIVA
Nombre de entidad corporativa o nombre de jurisdicción como elemento de entrada Ateneo Catalán.
9 (RLIN) 1844
245 11 - MENCIÓN DEL TÍTULO
Título Acta de la sesión celebrada para la constitución del Ateneo Catalán.
246 3# - FORMA VARIANTE DEL TITULO
Título propio/Titulo breve Discurso escrito para el acto de constitución del Ateneo Catalán
260 ## - PUBLICACIÓN, DISTRIBUCIÓN, ETC.
Lugar de publicación, distribución, etc. Barcelona :
Nombre del editor, distribuidor, etc. [s.n.],
Fecha de publicación, distribución, etc. 1860 (
Fabricante Imp. del Diario de Barcelona)
300 ## - DESCRIPCIÓN FÍSICA
Extensión 32 p. ;
Dimensiones 22 cm.
505 8# - NOTA DE CONTENIDO CON FORMATO
Nota de contenido con formato Contiene: Discurso escrito para el acto de constitución del Ateneo Catalán / por D. Ramón Anglasell (p.13-32)
530 ## - NOTA DISPONIBLE DE FORMULARIO FÍSICO ADICIONAL
Nota de formato físico adicional disponible Disponible en formato digital.
610 24 - PUNTO DE ACCESO ADICIONAL DE MATERIA--NOMBRE DE ENTIDAD CORPORATIVA
Nombre de entidad corporativa o nombre de jurisdicción como elemento de entrada Ateneo Catalán.
9 (RLIN) 1844
700 1# - ENTRADA AGREGADA--NOMBRE PERSONAL
Nombre de persona Anglasell, Ramón.
9 (RLIN) 21744
852 4# - LOCALIZACIÓN
Ubicación ES-MaACL
Número de control de estantería T-54-F-14
852 4# - LOCALIZACIÓN
Ubicación ES-MaACL
Número de control de estantería T-63-F-6
Nota libre - Falto de cub.
856 4# - LOCALIZACIÓN Y ACCESO ELECTRÓNICOS
Identificador Uniforme de Recursos <a href="http://bdh-rd.bne.es/viewer.vm?id=0000149073&page=1 ">http://bdh-rd.bne.es/viewer.vm?id=0000149073&page=1 </a>
Nota pública Biblioteca Digital Hispánica
Holdings
Estatus retirado Estado de pérdida Estado de daño No para préstamo Colección Biblioteca de origen Biblioteca actual Ubicación en estantería Fecha de adquisición Fuente de adquisición Total de préstamos Signatura topográfica completa Código de barras Visto por última vez Precio de reemplazo Tipo de ítem Koha
        Colección de folletos Biblioteca del Ateneo de Madrid Biblioteca del Ateneo de Madrid Depósito folletos 17/01/2008     T-63-F-6 1109743 23/02/2023 23/02/2023 Folleto
        Colección de folletos Biblioteca del Ateneo de Madrid Biblioteca del Ateneo de Madrid Depósito folletos 17/01/2008     T-54-F-14 1109742 23/02/2023 23/02/2023 Folleto